Loved and protected : (Record no. 95218)

MARC details
000 -LEADER
fixed length control field 00521nam a22001817a 4500
005 - DATE AND TIME OF LATEST TRANSACTION
control field 20150929115418.0
010 ## - LCCN (DPL NO)
LC control number ENG-113701
020 ## - INTERNATIONAL STANDARD BOOK NUMBER
International Standard Book Number 9788189430658
Terms of availability 150.00
035 ## - SYSTEM CONTROL NUMBER
System control number EN-97233
037 ## - SOURCE OF ACQUISITION
Source of stock number/acquisition DBAD/PUB
082 ## - DEWEY DECIMAL CLASSIFICATION NUMBER
Classification number S
100 ## - MAIN ENTRY--PERSONAL NAME
Personal name Praver, Asha
245 ## - TITLE STATEMENT
Title Loved and protected :
Statement of responsibility, etc by Asha Praver
Remainder of title stories of miracles and answered prayers /
260 ## - PUBLICATION, DISTRIBUTION, ETC. (IMPRINT)
Place of publication, distribution, etc Gurgaon
Name of publisher, distributor, etc Ananda Sangha Publications
Date of publication, distribution, etc 2013
270 ## - ADDRESS
Address B-108 DLF Phase I
City Gurgaon
Postal code 122002
300 ## - PHYSICAL DESCRIPTION
Extent 294p.
Dimensions 19cm(pbk)
942 ## - ADDED ENTRY ELEMENTS (KOHA)
Source of classification or shelving scheme Dewey Decimal Classification
Item type English Books
Call number suffix PRA
Classification part S
Holdings
Withdrawn status Lost status Not for loan Collection code Home library Current library Date acquired Source of acquisition Cost, normal purchase price Full call number Barcode Copy number Cost, replacement price Koha item type
    Not For Loan Fiction D.B.Act.Division D.B.Act.Division 24/07/2015 DBAD/PUB 150.00 S PRA EN-97233 1 150.00 English Books

© Delhi Public Library
Hit Counter
free hit counter